000 00737nam a2200241Ia 4500
003 OSt
005 20221005121429.0
006 a|||||r|||| 00| 0
007 ta
008 221004b |||||||| |||| 00| 0 eng d
024 _a59905
037 _cTextual
040 _aCRL
_cCRL
_beng
041 _2eng
_aeng
082 _aV2:28:N1, F5
100 _aChablani H L
245 0 _aHeadings in Indian constitution and administration
_b A collection of extracts from the sources chosen with the purpose of illustrating the chief phases of the development etc.
260 _c1925
650 _aHISTORY
700 _a Joshi G N
942 _hV2:28:N1, F5
_cTEXL
_2cc
999 _c1041136
_d1041136